000 00743nas a2200241 4500
001 BR0904701
003 BR-BrBNA
005 20231205113519.0
007 ta
008 230509b bl.|||p| |||| 00| 00por d
040 _aBR-BrBNA
_bpor
_cBiblioteca Nacional de Agricultura
041 _a(Pt)
072 _aE10
100 1 _aSilva, M. da S.
100 1 _aAntonialli, L.M.
245 1 _aAções estratégicas para o turismo educacional no município de Lavras, MG
650 _aTURISMO RURAL
650 _aLAVRAS
650 _aMINAS GERAIS
773 0 _tOrganizações Rurais e Agroindustriais (Brazil)
_xISSN 1517-6879
_g(Jul-Dec 2003), v. 5(2) p. 07-20
_wBR0904701
909 _a202311
_bLúcia
_c55
_dLúcia Elande
942 _2AGRIS
_n0
_cANA
999 _c204183
_d204183